| 000 | 01069cam a22002894a 4500 | ||
|---|---|---|---|
| 001 | 14294215 | ||
| 005 | 20080923130936.0 | ||
| 008 | 060309s2007 njua b 001 0 eng | ||
| 010 | _a 2006043403 | ||
| 020 | _a0131994859 | ||
| 020 | _a9780131994850 | ||
| 040 |
_aDLC _cDLC _dDLC |
||
| 042 | _apcc | ||
| 050 | 0 | 0 |
_aHB172 _b.C36 2007 |
| 082 | 0 | 0 |
_a338.5 _222 _bCAS |
| 100 | 1 |
_aCase, Karl E. _922463 |
|
| 245 | 1 | 0 |
_aPrinciples of Microeconomics / _cKarl E. Case, Ray C. Fair. |
| 250 | _a8th ed. | ||
| 260 |
_aUpper Saddle River, NJ : _bPearson Prentice Hall, 2007 _cc2007. |
||
| 300 |
_axxxii, 458, [38] p. : _bcol. ill. ; _c28 cm. |
||
| 504 | _aIncludes bibliographical references and index. | ||
| 650 | 0 |
_aMicroeconomics. _922464 |
|
| 700 | 1 |
_aFair, Ray C. _922465 |
|
| 942 |
_2ddc _cBB |
||
| 999 |
_c14979 _d14979 |
||